00559 2200169 4500245005800000020002200058250001100080700002200091100002400113650002100137005001900158260007600177041001400253084001000267300010300277336000900380 aMemanah Bintang di TambasacS. Gegge MappangewahText a978-623-118-667-6 aCet. 1 aR Andi Widjanarko aS. Gegge Mappangewa aCerita Bergambar a20240902102848 aJakartabKementerian Pendidikan, Kebudayaan, Riset, dan Teknologic2023 aIndonesia a741.5 aIBM Plex Sans 13 pt., Mike Abbink, Bold Monday, Open Font License. vi, 178 hlm. :b14,8 x 21 cm ; atext